000 00873nam a22002297a 4500
005 20240530110603.0
008 161016s2014 ua a g b 000 0dara d
017 _a2013/14309
_bمصر. دار الكتب
020 _a9789772766345
040 _aEG-CaGPL
_cEG-CaGPL
082 0 4 _221
_a909.07\
_bي د
100 0 _aياسر عبدالوهاب .
245 1 2 _aالدعم الاوروبى للامارات الصليبية فى بلاد الشام /
_cياسر عبدالوهاب .
250 _aط1.
260 _aالقاهرة :
_bالمكتب العربى للمعارف ،
_c2014 .
300 _a309 ص :
_bايض ؛
_c24 سم .
504 _aببليوجرافية : ص 263 - 306
650 0 7 _2qrmak
_aالحروب الصليبية .
650 0 7 _aالحروب الصليبية
_yالعصور الوسطى .
942 _2ddc
_cBK
999 _c62707
_d62707